Pedagogía del oprimido.
Salvato in:
| Autore principale: | |
|---|---|
| Natura: | Libro |
| Pubblicazione: |
Buenos Aires, Argentina:
Siglo Veintiuno Editores,
2015.
|
| Edizione: | 4ª edición argentina. |
| Serie: | Biblioteca Clásica de Siglo Veintiuno.
|
| Soggetti: | |
| Tags: |
Aggiungi Tag
Nessun Tag, puoi essere il primo ad aggiungerne!!
|
MARC
| LEADER | 00000cam a2200000 a 4500 | ||
|---|---|---|---|
| 001 | UCE1962 | ||
| 003 | CL-VaPUC | ||
| 005 | 20230502140558.0 | ||
| 008 | 220707t2015 ||||| |||| 00| 0 eng d | ||
| 999 | |c 436783 |d 436781 | ||
| 020 | |a 978-987-629-508-6 | ||
| 040 | |c Pontificia Universidad Católica de Valparaíso | ||
| 082 | 0 | 4 | |a 370.1 FRE 2015 |2 21 |
| 100 | |a Freire, Paulo |e autor |9 352356 | ||
| 245 | 1 | 0 | |a Pedagogía del oprimido. |
| 250 | |a 4ª edición argentina. |b Corregida y revisada. | ||
| 260 | |a Buenos Aires, Argentina: |b Siglo Veintiuno Editores, |c 2015. | ||
| 300 | |a 243 páginas. | ||
| 490 | |a Biblioteca Clásica de Siglo Veintiuno. | ||
| 583 | |a last modification |c 20140529 12:24:00 |k Catalogador Asistente | ||
| 650 | 0 | |a Filosofía de la educación |9 258384 | |
| 650 | 0 | |a Teoría de la educación |9 309368 | |
| 650 | 0 | |a Libertad de enseñanza |9 311567 | |
| 942 | |c BK |2 ddc | ||
| 952 | |0 0 |1 0 |2 ddc |4 0 |6 370_100000000000000_FRE_2015 |7 0 |8 A |9 584504 |a BIBTEO |b BIBTEO |c GEN |d 2022-07-07 |e 62 |g 16914.66 |i 5652695 |o 370.1 FRE 2015 |p 5652695 |r 2025-01-17 |t 1 |v 16914.66 |w 2022-07-07 |y BK |k ICR | ||
| 952 | |0 0 |1 0 |2 ddc |4 0 |6 370_100000000000000_FRE_2015 |7 0 |8 A |9 589831 |a BIBMAT |b BIBMAT |c E_DIDACT |d 2023-05-02 |e 3 |g 18633.00 |i 5657294 |o 370.1 FRE 2015 |p 5657294 |r 2025-01-07 |t 2 |v 18633.00 |w 2023-05-02 |y BK |k MAT | ||